| 000 | 01088cam a2200337 a 4500 | ||
|---|---|---|---|
| 001 | 15905309 | ||
| 003 | NUST | ||
| 005 | 20210804105223.0 | ||
| 008 | 090914s2010 nyu b 000 1 eng | ||
| 010 | _a 2009037525 | ||
| 020 | _a9780670021451 | ||
| 038 | _aArshad | ||
| 040 |
_aDLC _cDLC _dDLC |
||
| 050 | 0 | 0 |
_aPS3619.H328 _bF67 2010 |
| 082 | 0 | 0 |
_a813.6 _bSHA |
| 100 | 1 |
_aShafak, Elif, _d1971- _912686 |
|
| 245 | 1 | 4 |
_aThe forty rules of love / _cElif Shafak. |
| 260 |
_aNew York : _bViking, _c2010. |
||
| 300 |
_a354 p. ; _c24 cm. |
||
| 504 | _aIncludes bibliographical references. | ||
| 563 | _aPBK | ||
| 600 | 0 | 0 |
_aJalāl al-Dīn Rūmī, _cMaulana, _d1207-1273 _vFiction. _912687 |
| 650 | 0 |
_aHousewives _vFiction. _912688 |
|
| 650 | 0 |
_aJewish women _vFiction. _912689 |
|
| 650 | 0 |
_aSufis _vFiction. _912690 |
|
| 650 | 0 |
_aSufism _vFiction. _912691 |
|
| 650 | 0 |
_aMevleviyeh _vFiction. _912692 |
|
| 906 |
_a7 _bcbc _corignew _d1 _eecip _f20 _gy-gencatlg |
||
| 942 |
_2ddc _cBK |
||
| 999 |
_c586087 _d586087 |
||